LEADER 01088nam2 22003013i 450 001 SBL0605293 005 20251003044358.0 020 $aIT$b848631 100 $a20160129d1983 ||||0itac50 ba 101 | $aita 102 $ait 181 1$6z01$ai $bxxxe 182 1$6z01$an 183 1$6z01$anc$2RDAcarrier 200 0 $a1$fEnzo Capaccioli 205 $a2. ed.$bcon aggiunto l'8. capitolo nella stesura redatta dall'autore prima della suascomparsa 210 $aPadova$cCEDAM$d1983 215 $aXXIV, 595 p.$d24 cm. 461 1$1001SBL0301012$12001 $aManuale di diritto amministrativo$fEnzo Capaccioli$v1 606 $aDiritto amministrativo$2FIR$3CFIC006768$9E 676 $a342$9DIRITTO COSTITUZIONALE E AMMINISTRATIVO$v23 801 3$aIT$bIT-000000$c20160129 850 $aIT-BN0095 912 $aSBL0605293 950 2$aBiblioteca Centralizzata di Ateneo$c1 v.$d 01D (AR) 2 539$e 01AR 0070025395 VMA A4 1 v.$fY $h20250611$i20250611 977 $a 01 996 $a1$961339 997 $aUNISANNIO